<?xml version="1.0" encoding="UTF-8"?>
<record
    xmlns:xsi="http://www.w3.org/2001/XMLSchema-instance"
    xsi:schemaLocation="http://www.loc.gov/MARC21/slim http://www.loc.gov/standards/marcxml/schema/MARC21slim.xsd"
    xmlns="http://www.loc.gov/MARC21/slim">

  <leader>01408nas a2200409 a 4500</leader>
  <controlfield tag="001">001217935</controlfield>
  <controlfield tag="003">AR-RoIUNI</controlfield>
  <controlfield tag="005">20190827122729.0</controlfield>
  <controlfield tag="007">ta</controlfield>
  <controlfield tag="008">080513u2005uuuuag ar p r     0   b0spa  </controlfield>
  <datafield tag="015" ind1=" " ind2=" ">
    <subfield code="a">AR-2005</subfield>
  </datafield>
  <datafield tag="040" ind1=" " ind2=" ">
    <subfield code="a">AR-BaBN</subfield>
    <subfield code="c">IUNIR</subfield>
  </datafield>
  <datafield tag="041" ind1="1" ind2=" ">
    <subfield code="a">spa</subfield>
    <subfield code="a">ita</subfield>
  </datafield>
  <datafield tag="043" ind1=" " ind2=" ">
    <subfield code="a">e-it---</subfield>
  </datafield>
  <datafield tag="044" ind1=" " ind2=" ">
    <subfield code="a">ag</subfield>
    <subfield code="c">ar-x</subfield>
  </datafield>
  <datafield tag="080" ind1="1" ind2=" ">
    <subfield code="a">821.131.1(051)</subfield>
    <subfield code="2">2016</subfield>
  </datafield>
  <datafield tag="245" ind1="0" ind2="0">
    <subfield code="a">Studi italiani = Estudios italianos.</subfield>
  </datafield>
  <datafield tag="260" ind1=" " ind2=" ">
    <subfield code="a">C&#xF3;rdoba :</subfield>
    <subfield code="b">Universidad Nacional de C&#xF3;rdoba. Facultad de Lenguas,</subfield>
    <subfield code="c">2005- .</subfield>
  </datafield>
  <datafield tag="300" ind1=" " ind2=" ">
    <subfield code="a">v. ;</subfield>
    <subfield code="c">24 cm.</subfield>
  </datafield>
  <datafield tag="310" ind1=" " ind2=" ">
    <subfield code="a">Anual</subfield>
  </datafield>
  <datafield tag="362" ind1="0" ind2=" ">
    <subfield code="a">Vol. 1 (2005)-</subfield>
  </datafield>
  <datafield tag="500" ind1=" " ind2=" ">
    <subfield code="a">Directora: Trinidad Blanco de Garc&#xED;a.</subfield>
  </datafield>
  <datafield tag="546" ind1=" " ind2=" ">
    <subfield code="a">Texto en espa&#xF1;ol e italiano.</subfield>
  </datafield>
  <datafield tag="588" ind1=" " ind2=" ">
    <subfield code="a">Descripci&#xF3;n basada en: vol. 1 (2005).</subfield>
    <subfield code="5">AR-BaBN</subfield>
  </datafield>
  <datafield tag="588" ind1=" " ind2=" ">
    <subfield code="a">&#xDA;ltimo n&#xFA;mero consultado: vol. 2 (2006).</subfield>
    <subfield code="5">AR-BaBN</subfield>
  </datafield>
  <datafield tag="650" ind1=" " ind2="4">
    <subfield code="a">Literatura italiana</subfield>
    <subfield code="x">Historia y cr&#xED;tica</subfield>
    <subfield code="v">Publicaciones peri&#xF3;dicas</subfield>
  </datafield>
  <datafield tag="651" ind1=" " ind2="4">
    <subfield code="a">Italia</subfield>
    <subfield code="x">Estudio y ense&#xF1;anza (Educaci&#xF3;n cont&#xED;nua)</subfield>
    <subfield code="v">Publicaciones peri&#xF3;dicas</subfield>
  </datafield>
  <datafield tag="655" ind1=" " ind2="4">
    <subfield code="a">Revistas</subfield>
  </datafield>
  <datafield tag="700" ind1="1" ind2=" ">
    <subfield code="a">Blanco de Garc&#xED;a, Trinidad</subfield>
    <subfield code="e">directora de publicaci&#xF3;n</subfield>
    <subfield code="4">pbd.</subfield>
  </datafield>
  <datafield tag="930" ind1=" " ind2="2">
    <subfield code="l">BNA01</subfield>
    <subfield code="m">ISSUE</subfield>
    <subfield code="8">20101028</subfield>
    <subfield code="f">12</subfield>
    <subfield code="p">CT</subfield>
  </datafield>
  <datafield tag="942" ind1=" " ind2=" ">
    <subfield code="2">cdu</subfield>
    <subfield code="c">BK</subfield>
  </datafield>
  <datafield tag="956" ind1=" " ind2=" ">
    <subfield code="a">GSL</subfield>
    <subfield code="b">00</subfield>
    <subfield code="c">20110927</subfield>
    <subfield code="l">BNA01</subfield>
    <subfield code="h">1434</subfield>
  </datafield>
  <datafield tag="956" ind1=" " ind2=" ">
    <subfield code="a">GSL</subfield>
    <subfield code="b">00</subfield>
    <subfield code="c">20110927</subfield>
    <subfield code="l">BNA01</subfield>
    <subfield code="h">1552</subfield>
  </datafield>
  <datafield tag="956" ind1=" " ind2=" ">
    <subfield code="a">GSL</subfield>
    <subfield code="b">00</subfield>
    <subfield code="c">20111228</subfield>
    <subfield code="l">BNA01</subfield>
    <subfield code="h">1032</subfield>
  </datafield>
  <datafield tag="956" ind1=" " ind2=" ">
    <subfield code="a">GSL</subfield>
    <subfield code="c">20130615</subfield>
    <subfield code="l">BNA01</subfield>
    <subfield code="h">0248</subfield>
  </datafield>
  <datafield tag="956" ind1=" " ind2=" ">
    <subfield code="a">JSEMERIA</subfield>
    <subfield code="b">20</subfield>
    <subfield code="c">20190528</subfield>
    <subfield code="l">BNA01</subfield>
    <subfield code="h">0936</subfield>
  </datafield>
  <datafield tag="999" ind1=" " ind2=" ">
    <subfield code="c">5071</subfield>
    <subfield code="d">5071</subfield>
  </datafield>
  <datafield tag="952" ind1=" " ind2=" ">
    <subfield code="0">0</subfield>
    <subfield code="1">0</subfield>
    <subfield code="2">cdu</subfield>
    <subfield code="4">0</subfield>
    <subfield code="7">0</subfield>
    <subfield code="8">IDI</subfield>
    <subfield code="a">IUNIRSC</subfield>
    <subfield code="b">IUNIRSC</subfield>
    <subfield code="c">IUNIRSC</subfield>
    <subfield code="d">2019-08-27</subfield>
    <subfield code="i">6599</subfield>
    <subfield code="l">0</subfield>
    <subfield code="o">821.131.1(051)</subfield>
    <subfield code="p">6599c</subfield>
    <subfield code="r">2019-08-27 00:00:00</subfield>
    <subfield code="w">2019-08-27</subfield>
    <subfield code="y">BK</subfield>
  </datafield>
</record>
